[Event "46. National Indian Championships"]
[Site "Mangalore IND"]
[Date "2008.12.17"]
[Round "1.1"]
[White "Thejkumar, M  S."]
[Black "Konguvel, Ponnuswamy"]
[Result "1-0"]
[WhiteElo "2441"]
[BlackElo "2463"]
[PlyCount "65"]
[EventDate "2008.12.17"]
[EventType "tourn"]
[EventRounds "13"]
[EventCountry "IND"]
[EventCategory "9"]
[Source "lmi"]
[SourceDate "2008.12.17"]

1. d4 d5 2. c4 e6 3. Nf3 c5 4. cxd5 exd5 5. Nc3 Nc6 6. g3 Nf6 7. Bg2 Be7 8. O-O
O-O 9. Bg5 cxd4 10. Nxd4 h6 11. Be3 Re8 12. Qa4 Bd7 13. Qb3 Na5 14. Qc2 Rc8 15.
Rad1 Bb4 16. Nf5 Re5 17. Nh4 Qe8 18. Qb1 Bxc3 19. bxc3 Ba4 20. Rde1 Rxe3 21.
fxe3 Qxe3+ 22. Kh1 Qxc3 23. Rf3 Qc4 24. Rf4 Ne4 25. Nf5 Qc5 26. Qb2 Qc3 27.
Qxc3 Rxc3 28. Ne7+ Kf8 29. Nxd5 Bc6 30. Bxe4 Rc4 31. Bf3 Rc2 32. Nb4 Bxf3+ 33.
exf3 1-0

[Event "46. National Indian Championships"]
[Site "Mangalore IND"]
[Date "2008.12.17"]
[Round "1.2"]
[White "Satyapragyan, Swayangsu"]
[Black "Rathnakaran, K."]
[Result "1/2-1/2"]
[WhiteElo "2417"]
[BlackElo "2458"]
[PlyCount "49"]
[EventDate "2008.12.17"]
[EventType "tourn"]
[EventRounds "13"]
[EventCountry "IND"]
[EventCategory "9"]
[Source "lmi"]
[SourceDate "2008.12.17"]

1. c4 Nf6 2. Nc3 e5 3. Nf3 d6 4. d4 Nbd7 5. Bg5 Be7 6. e3 O-O 7. Qc2 Re8 8. Be2
h6 9. Bh4 exd4 10. Nxd4 Ne5 11. h3 Ng6 12. Bg3 c6 13. O-O d5 14. Rfd1 a6 15.
cxd5 cxd5 16. Qb3 Bd6 17. Bxd6 Qxd6 18. Bf1 b5 19. Rac1 Rb8 20. a3 Bd7 21. Qb4
Qe5 22. Nf3 Qe6 23. Nd4 Qe5 24. Nf3 Qe6 25. Nd4 1/2-1/2

[Event "46. National Indian Championships"]
[Site "Mangalore IND"]
[Date "2008.12.17"]
[Round "1.3"]
[White "Shyam, Sundar M"]
[Black "Neelotpal, Das"]
[Result "1-0"]
[WhiteElo "2402"]
[BlackElo "2477"]
[PlyCount "77"]
[EventDate "2008.12.17"]
[EventType "tourn"]
[EventRounds "13"]
[EventCountry "IND"]
[EventCategory "9"]
[Source "lmi"]
[SourceDate "2008.12.17"]

1. e4 c5 2. Nf3 e6 3. d4 cxd4 4. Nxd4 Nf6 5. Nc3 d6 6. g4 h6 7. h4 Nc6 8. Rg1
d5 9. exd5 Nxd5 10. Nxd5 Qxd5 11. Bg2 Qa5+ 12. Bd2 Qe5+ 13. Be3 Bd7 14. Nxc6
Bxc6 15. Bxc6+ bxc6 16. Qd4 Qxd4 17. Bxd4 c5 18. Bc3 O-O-O 19. Rd1 Rxd1+ 20.
Kxd1 h5 21. g5 Rg8 22. Rg3 Be7 23. Ke2 Kd7 24. Rd3+ Ke8 25. Bd2 f6 26. g6 Bd8
27. Be3 Bb6 28. Rc3 Kd7 29. Bxc5 Bxc5 30. Rxc5 Rb8 31. Rxh5 Rxb2 32. Rh7 Rxc2+
33. Kf3 Rxa2 34. Rxg7+ Kd6 35. h5 Ra3+ 36. Kg2 Ra5 37. h6 Rg5+ 38. Kf1 Rh5 39.
h7 1-0

[Event "46. National Indian Championships"]
[Site "Mangalore IND"]
[Date "2008.12.17"]
[Round "1.4"]
[White "Adhiban, B."]
[Black "Ganguly, Surya Shekhar"]
[Result "0-1"]
[WhiteElo "2439"]
[BlackElo "2603"]
[PlyCount "80"]
[EventDate "2008.12.17"]
[EventType "tourn"]
[EventRounds "13"]
[EventCountry "IND"]
[EventCategory "9"]
[Source "lmi"]
[SourceDate "2008.12.17"]

1. d4 d5 2. c4 dxc4 3. Nf3 Nf6 4. e3 e6 5. Bxc4 a6 6. O-O Nbd7 7. b3 b6 8. Bb2
Bb7 9. Nbd2 Be7 10. Qe2 c5 11. e4 cxd4 12. Nxd4 Nc5 13. Rad1 b5 14. Nxb5 axb5
15. Bxb5+ Kf8 16. Nc4 Qb8 17. Be5 Qa7 18. Bd4 Ba6 19. Ne5 Bxb5 20. Qxb5 Qb7 21.
Qc4 Ncxe4 22. Rfe1 Rxa2 23. Nc6 Nd2 24. Qc3 Nfe4 25. Bxg7+ Kg8 26. Qe5 Bd6 27.
Qd4 Bc5 28. Qe5 Bd6 29. Qd4 Bc5 30. Qe5 Bxf2+ 31. Kh1 Qxc6 32. Bxh8 f6 33. Qb8+
Kf7 34. Rc1 Bc5 35. Re2 Nf2+ 36. Rxf2 Bxf2 37. Qc7+ Qxc7 38. Rxc7+ Kg6 39. g4
Bd4 40. Kg2 Ne4+ 0-1

[Event "46. National Indian Championships"]
[Site "Mangalore IND"]
[Date "2008.12.18"]
[Round "2.3"]
[White "Neelotpal, Das"]
[Black "Adhiban, B."]
[Result "1-0"]
[WhiteElo "2477"]
[BlackElo "2439"]
[PlyCount "95"]
[EventDate "2008.12.17"]
[EventType "tourn"]
[EventRounds "13"]
[EventCountry "IND"]
[EventCategory "9"]
[Source "lmi"]
[SourceDate "2008.12.17"]

1. e4 e5 2. Nf3 Nc6 3. Bb5 a6 4. Ba4 d6 5. Bxc6+ bxc6 6. d4 f6 7. Nc3 Ne7 8.
Qe2 a5 9. Be3 Ba6 10. Qd2 Ng6 11. d5 c5 12. g4 Qd7 13. Rg1 Rb8 14. O-O-O Be7
15. h4 Bd8 16. Rg3 Rb4 17. Rh1 O-O 18. h5 Ne7 19. Nh4 Rd4 20. Qe1 Nc8 21. g5 f5
22. Nxf5 Rxf5 23. exf5 Qxf5 24. g6 h6 25. Kb1 Rc4 26. Qd1 Rxc3 27. bxc3 Nb6 28.
Qf3 Qxf3 29. Rxf3 Bc4 30. Rg3 Nxd5 31. Bd2 Bf6 32. Re1 Bb5 33. c4 Bxc4 34. Bxa5
Kf8 35. Rg4 Ba6 36. c4 Bc8 37. Rge4 Nb6 38. Bxb6 cxb6 39. Kc2 Bf5 40. Kb3 Bxe4
41. Rxe4 Ke7 42. Ka4 d5 43. cxd5 Kd6 44. Kb5 Kxd5 45. f3 Bg5 46. Kxb6 c4 47.
Kb5 c3 48. Rc4 1-0

[Event "46. National Indian Championships"]
[Site "Mangalore IND"]
[Date "2008.12.18"]
[Round "2.4"]
[White "Rathnakaran, K."]
[Black "Shyam, Sundar M"]
[Result "1-0"]
[WhiteElo "2458"]
[BlackElo "2402"]
[PlyCount "143"]
[EventDate "2008.12.17"]
[EventType "tourn"]
[EventRounds "13"]
[EventCountry "IND"]
[EventCategory "9"]
[Source "lmi"]
[SourceDate "2008.12.17"]

1. e4 c6 2. d3 d5 3. Nd2 g6 4. Ngf3 Bg7 5. g3 e5 6. Bg2 Ne7 7. O-O O-O 8. c3
Nd7 9. Re1 Nc5 10. Nb3 dxe4 11. Nxc5 exf3 12. Qxf3 b6 13. Ne4 f5 14. Nd2 Ba6
15. d4 e4 16. Qd1 Nd5 17. Qb3 Kh8 18. Nc4 Re8 19. Ne5 Bxe5 20. dxe5 Bd3 21. c4
Nc7 22. Qc3 Ne6 23. f3 Qd4+ 24. Be3 Qxc3 25. bxc3 Rad8 26. fxe4 fxe4 27. a4 c5
28. a5 Bxc4 29. axb6 axb6 30. Bxe4 Bd5 31. Bc2 b5 32. Reb1 Bc4 33. Ra7 Ra8 34.
Rba1 Rxa7 35. Rxa7 Rf8 36. Be4 Kg8 37. Bh6 Rf1+ 38. Kg2 Re1 39. Ra8+ Kf7 40.
Ra7+ Kg8 41. Ra8+ Kf7 42. Ra7+ Kg8 43. Bf3 Rxe5 44. Bg4 Bd5+ 45. Kf2 Bc4 46.
Rb7 Re4 47. h3 Re5 48. Re7 Re4 49. Bf3 Re5 50. g4 b4 51. Bg7 Rg5 52. Bf6 b3 53.
Rd7 Nf4 54. Kg3 Ne6 55. h4 b2 56. Rb7 Rd5 57. Bxd5 Bxd5 58. Rxb2 h5 59. Rd2 Bb3
60. g5 c4 61. Kf3 Kf7 62. Ke4 Nc5+ 63. Kd5 Nd3 64. Be5 Ba4 65. Ra2 Bd1 66. Ra7+
Ke8 67. Bd6 Nb2 68. Ba3 Nd3 69. Bd6 Nb2 70. Re7+ Kd8 71. Re6 Bc2 72. Re2 1-0

[Event "46. National Indian Championships"]
[Site "Mangalore IND"]
[Date "2008.12.18"]
[Round "2.5"]
[White "Konguvel, Ponnuswamy"]
[Black "Satyapragyan, Swayangsu"]
[Result "1/2-1/2"]
[WhiteElo "2463"]
[BlackElo "2417"]
[PlyCount "53"]
[EventDate "2008.12.17"]
[EventType "tourn"]
[EventRounds "13"]
[EventCountry "IND"]
[EventCategory "9"]
[Source "lmi"]
[SourceDate "2008.12.17"]

1. e4 e5 2. Nf3 Nc6 3. Bb5 a6 4. Bxc6 dxc6 5. O-O Qd6 6. Na3 f6 7. Nc4 Qe6 8.
b3 Ne7 9. d4 exd4 10. Nxd4 Qg4 11. Qd3 c5 12. Ne2 Ng6 13. Nc3 Be6 14. Ne3 Qh5
15. f4 Rd8 16. Ncd5 Bd6 17. Nc4 O-O 18. Be3 f5 19. Rad1 fxe4 20. Qd2 Bg4 21.
Rde1 Nh4 22. Nxd6 Rxd6 23. c4 b6 24. Bf2 Re8 25. Qc2 Bf5 26. Bxh4 Qxh4 27. Nxc7
1/2-1/2

[Event "46. National Indian Championships"]
[Site "Mangalore IND"]
[Date "2008.12.18"]
[Round "2.6"]
[White "Thipsay, Praveen M"]
[Black "Thejkumar, M  S."]
[Result "0-1"]
[WhiteElo "2444"]
[BlackElo "2441"]
[PlyCount "100"]
[EventDate "2008.12.17"]
[EventType "tourn"]
[EventRounds "13"]
[EventCountry "IND"]
[EventCategory "9"]
[Source "lmi"]
[SourceDate "2008.12.17"]

1. e4 c6 2. d4 d5 3. Nc3 dxe4 4. Nxe4 Nf6 5. Nxf6+ gxf6 6. Nf3 Bf5 7. Bf4 Qd5
8. Bd3 Qe6+ 9. Be3 Rg8 10. Bxf5 Qxf5 11. Qe2 e6 12. g3 Nd7 13. O-O-O Qa5 14.
Kb1 O-O-O 15. c4 Nb6 16. Rc1 Qh5 17. Rhd1 Bh6 18. Ka1 Bxe3 19. fxe3 c5 20. Qf2
Qf5 21. Re1 Rg4 22. h3 Rgg8 23. g4 Qg6 24. dxc5 Nd7 25. e4 Nb8 26. Nd4 a6 27.
c6 bxc6 28. c5 Qg5 29. Nb3 Rd3 30. Qf1 Rgd8 31. Na5 Qe5 32. Nc4 Qxc5 33. e5 Qd4
34. Qxf6 Rd7 35. Qh8+ Rd8 36. Qxh7 Rd7 37. Qg8+ Kb7 38. Na5+ Ka7 39. Nb3 Qb4
40. h4 Qxe1 41. Rxe1 Rd1+ 42. Nc1 Rxe1 43. Kb1 Rdd1 44. Qxf7+ Nd7 45. b3 Rxc1+
46. Kb2 Rcd1 47. h5 Re2+ 48. Kc3 Kb6 49. Qe8 Rc1+ 50. Kd3 Rcc2 0-1

[Event "46. National Indian Championships"]
[Site "Mangalore IND"]
[Date "2008.12.19"]
[Round "3.1"]
[White "Satyapragyan, Swayangsu"]
[Black "Thipsay, Praveen M"]
[Result "1-0"]
[WhiteElo "2417"]
[BlackElo "2444"]
[PlyCount "83"]
[EventDate "2008.12.17"]
[EventType "tourn"]
[EventRounds "13"]
[EventCountry "IND"]
[EventCategory "9"]
[Source "lmi"]
[SourceDate "2008.12.17"]

1. e4 e5 2. Nf3 Nc6 3. Bb5 a6 4. Ba4 Nf6 5. O-O Be7 6. Re1 b5 7. Bb3 O-O 8. c3
d6 9. h3 Na5 10. Bc2 c5 11. d4 Qc7 12. Nbd2 cxd4 13. cxd4 Bd7 14. Nf1 Rac8 15.
Ne3 Rfe8 16. b3 Nc6 17. Bb2 Bf8 18. Rc1 Qb7 19. dxe5 Nxe5 20. Nd2 Bc6 21. Nf5
Qb6 22. Nf1 Bb7 23. Qd2 Re6 24. Rcd1 g6 25. Nd4 Ree8 26. Bb1 Bg7 27. Kh1 Rcd8
28. Ng3 Bc8 29. f4 Bh6 30. Qf2 Ned7 31. Ngf5 Bf8 32. Qh4 Nh5 33. Qg5 f6 34.
Nh6+ Bxh6 35. Qxh6 Nc5 36. f5 Ng3+ 37. Kh2 Ngxe4 38. fxg6 Qc7 39. gxh7+ Kh8 40.
Qf4 Qxh7 41. b4 Rg8 42. Bxe4 1-0

[Event "46. National Indian Championships"]
[Site "Mangalore IND"]
[Date "2008.12.19"]
[Round "3.3"]
[White "Adhiban, B."]
[Black "Rathnakaran, K."]
[Result "1/2-1/2"]
[WhiteElo "2439"]
[BlackElo "2458"]
[PlyCount "57"]
[EventDate "2008.12.17"]
[EventType "tourn"]
[EventRounds "13"]
[EventCountry "IND"]
[EventCategory "9"]
[Source "lmi"]
[SourceDate "2008.12.17"]

1. e4 e6 2. d4 d5 3. Nd2 Nf6 4. e5 Nfd7 5. f4 c5 6. c3 Nc6 7. Ndf3 Qb6 8. a3 a5
9. b3 f6 10. h4 Be7 11. Bd3 Nf8 12. h5 f5 13. Ne2 Bd7 14. Be3 Rc8 15. dxc5 Bxc5
16. Ned4 Nxd4 17. Nxd4 Qc7 18. a4 Rg8 19. g4 g5 20. hxg6 Rxg6 21. g5 Rg7 22.
Rh6 Kf7 23. Kf2 Kg8 24. Qd2 Ng6 25. Rc1 Qb6 26. Bc2 Qc7 27. Bd3 Qb6 28. Bc2 Qc7
29. Bd3 1/2-1/2

[Event "46. National Indian Championships"]
[Site "Mangalore IND"]
[Date "2008.12.19"]
[Round "3.5"]
[White "Akshayraj, Kore"]
[Black "Ganguly, Surya Shekhar"]
[Result "1/2-1/2"]
[WhiteElo "2400"]
[BlackElo "2603"]
[PlyCount "50"]
[EventDate "2008.12.17"]
[EventType "tourn"]
[EventRounds "13"]
[EventCountry "IND"]
[EventCategory "9"]
[Source "lmi"]
[SourceDate "2008.12.17"]

1. e4 c5 2. Nf3 d6 3. d4 cxd4 4. Nxd4 Nf6 5. Nc3 g6 6. Be3 Bg7 7. f3 O-O 8. Qd2
Nc6 9. O-O-O d5 10. Kb1 Nxd4 11. e5 Nf5 12. exf6 exf6 13. Bc5 d4 14. Bxf8 Qxf8
15. Nb5 Ne3 16. Re1 f5 17. Nxd4 f4 18. g3 Qd8 19. Nb3 Qf6 20. Qc1 Bf5 21. Bd3
Rc8 22. Bxf5 Qxf5 23. Re2 a5 24. Rhe1 a4 25. gxf4 axb3 1/2-1/2

[Event "46. National Indian Championships"]
[Site "Mangalore IND"]
[Date "2008.12.20"]
[Round "4.1"]
[White "Ganguly, Surya Shekhar"]
[Black "Deepan, Chakkravarthy J"]
[Result "1-0"]
[WhiteElo "2603"]
[BlackElo "2464"]
[PlyCount "97"]
[EventDate "2008.12.17"]
[EventType "tourn"]
[EventRounds "13"]
[EventCountry "IND"]
[EventCategory "9"]
[Source "lmi"]
[SourceDate "2008.12.17"]

1. e4 c5 2. Nf3 d6 3. d4 cxd4 4. Nxd4 Nf6 5. Nc3 a6 6. Be2 e5 7. Nb3 Be7 8. O-O
O-O 9. Be3 Be6 10. Qd2 Nbd7 11. a4 Qc7 12. a5 Nc5 13. Nxc5 dxc5 14. f3 Rfd8 15.
Qe1 c4 16. Na4 Nd7 17. Qc3 Rac8 18. Rfd1 Qc6 19. Qe1 Re8 20. Kh1 Red8 21. Rdc1
Re8 22. Bf1 Kh8 23. b4 f5 24. exf5 Bxf5 25. c3 Bd3 26. Bxd3 cxd3 27. Qd2 e4 28.
fxe4 Qxe4 29. Re1 Bf6 30. Bd4 Qg6 31. Bxf6 gxf6 32. Nb6 Nxb6 33. axb6 Rcd8 34.
c4 Re5 35. Rad1 Rde8 36. Rxe5 Rxe5 37. Qf4 Re4 38. Qb8+ Re8 39. Qd6 Re2 40.
Qf8+ Qg8 41. Qxf6+ Qg7 42. Qd8+ Qg8 43. Qd4+ Qg7 44. Qd8+ Qg8 45. Qxg8+ Kxg8
46. Kg1 Re4 47. c5 Rxb4 48. Rxd3 Rc4 49. Rd8+ 1-0

[Event "46. National Indian Championships"]
[Site "Mangalore IND"]
[Date "2008.12.20"]
[Round "4.4"]
[White "Konguvel, Ponnuswamy"]
[Black "Adhiban, B."]
[Result "1-0"]
[WhiteElo "2463"]
[BlackElo "2439"]
[PlyCount "81"]
[EventDate "2008.12.17"]
[EventType "tourn"]
[EventRounds "13"]
[EventCountry "IND"]
[EventCategory "9"]
[Source "lmi"]
[SourceDate "2008.12.17"]

1. e4 e5 2. Nf3 Nc6 3. Bb5 a6 4. Ba4 Nf6 5. O-O Bc5 6. c3 b5 7. Bb3 d6 8. a4
Bg4 9. h3 Bxf3 10. Qxf3 Na5 11. Bc2 b4 12. d3 Rb8 13. Nd2 O-O 14. Rb1 b3 15.
Bd1 Qd7 16. Ra1 Rfe8 17. Qg3 d5 18. Re1 dxe4 19. Nxe4 Nxe4 20. dxe4 Rb6 21. Bg4
Qe7 22. Rd1 Rg6 23. Qf3 Rf6 24. Bg5 Rxf3 25. Bxe7 Bxf2+ 26. Kf1 Rf4 27. Bg5
Rxg4 28. hxg4 Bb6 29. Rd8 Rxd8 30. Bxd8 f6 31. Ke2 Kf7 32. g5 Nc6 33. Rd1 Ke6
34. g4 Na5 35. gxf6 gxf6 36. g5 f5 37. Rh1 fxe4 38. Rxh7 Nc4 39. g6 Nxb2 40.
Re7+ Kf6 41. g7 1-0

[Event "46. National Indian Championships"]
[Site "Mangalore IND"]
[Date "2008.12.20"]
[Round "4.5"]
[White "Thipsay, Praveen M"]
[Black "Shyam, Sundar M"]
[Result "1/2-1/2"]
[WhiteElo "2444"]
[BlackElo "2402"]
[PlyCount "51"]
[EventDate "2008.12.17"]
[EventType "tourn"]
[EventRounds "13"]
[EventCountry "IND"]
[EventCategory "9"]
[Source "lmi"]
[SourceDate "2008.12.17"]

1. e4 e6 2. d4 d5 3. e5 c5 4. c3 Nc6 5. Nf3 Bd7 6. Be2 Rc8 7. O-O a6 8. a3 Nh6
9. Be3 Nf5 10. Bd3 cxd4 11. cxd4 Nxe3 12. fxe3 Be7 13. Nc3 O-O 14. Rf2 f5 15.
exf6 Bxf6 16. Qc2 g6 17. Raf1 Qe7 18. Qd2 Rcd8 19. Bb1 Bc8 20. Ba2 Kg7 21. Kh1
b5 22. Rc1 Bb7 23. Qe1 Rc8 24. Rfc2 Qd6 25. Ne2 Ne7 26. Rxc8 1/2-1/2

[Event "46. National Indian Championships"]
[Site "Mangalore IND"]
[Date "2008.12.21"]
[Round "5.2"]
[White "Adhiban, B."]
[Black "Thipsay, Praveen M"]
[Result "1/2-1/2"]
[WhiteElo "2439"]
[BlackElo "2444"]
[PlyCount "53"]
[EventDate "2008.12.17"]
[EventType "tourn"]
[EventRounds "13"]
[EventCountry "IND"]
[EventCategory "9"]
[Source "lmi"]
[SourceDate "2008.12.17"]

1. e4 e5 2. Nf3 Nc6 3. Bb5 a6 4. Bxc6 dxc6 5. Nc3 f6 6. d4 exd4 7. Qxd4 Qxd4 8.
Nxd4 Bd7 9. Be3 O-O-O 10. O-O-O Ne7 11. h4 h5 12. Nde2 Ng6 13. Nf4 Nxf4 14.
Bxf4 Bb4 15. Ne2 Be6 16. a3 Bc5 17. Bg3 Bf7 18. Rxd8+ Rxd8 19. Rd1 Re8 20. f3
Be3+ 21. Kb1 Rd8 22. Rxd8+ Kxd8 23. b3 c5 24. Kb2 c4 25. b4 c5 26. Kc3 Kd7 27.
Bf4 1/2-1/2

[Event "46. National Indian Championships"]
[Site "Mangalore IND"]
[Date "2008.12.21"]
[Round "5.5"]
[White "Deepan, Chakkravarthy J"]
[Black "Neelotpal, Das"]
[Result "1/2-1/2"]
[WhiteElo "2464"]
[BlackElo "2477"]
[PlyCount "54"]
[EventDate "2008.12.17"]
[EventType "tourn"]
[EventRounds "13"]
[EventCountry "IND"]
[EventCategory "9"]
[Source "lmi"]
[SourceDate "2008.12.17"]

1. d4 d5 2. c4 c6 3. Nf3 Nf6 4. Qc2 dxc4 5. Qxc4 Bf5 6. Nc3 e6 7. g3 Be7 8. Bg2
Nbd7 9. O-O O-O 10. Re1 h6 11. Qb3 Qb6 12. Qxb6 axb6 13. e4 Bh7 14. d5 e5 15.
a3 b5 16. dxc6 bxc6 17. Bd2 Rfe8 18. Rad1 Bf8 19. Bc1 b4 20. axb4 Bxb4 21. Nh4
Nc5 22. Nf5 Bxc3 23. bxc3 Ncxe4 24. Nd6 Red8 25. Nxe4 Bxe4 26. Rxd8+ Rxd8 27.
Bxe4 Nxe4 1/2-1/2

[Event "46. National Indian Championships"]
[Site "Mangalore IND"]
[Date "2008.12.22"]
[Round "6.1"]
[White "Neelotpal, Das"]
[Black "Sriram, Jha"]
[Result "1/2-1/2"]
[WhiteElo "2477"]
[BlackElo "2458"]
[PlyCount "75"]
[EventDate "2008.12.17"]
[EventType "tourn"]
[EventRounds "13"]
[EventCountry "IND"]
[EventCategory "9"]
[Source "lmi"]
[SourceDate "2008.12.17"]

1. d4 d5 2. c4 c6 3. cxd5 cxd5 4. Nc3 Nf6 5. Bf4 Nc6 6. e3 e6 7. Nf3 Bd6 8. Bg5
h6 9. Bh4 g5 10. Bg3 Ne4 11. Nxe4 dxe4 12. Nd2 f5 13. Bb5 O-O 14. Bxc6 bxc6 15.
Bxd6 Qxd6 16. Qa4 c5 17. dxc5 Qd3 18. O-O-O Bd7 19. Qd4 Qxd4 20. exd4 Bb5 21.
Kc2 Rfd8 22. Kc3 Rd5 23. b3 e5 24. Nc4 Bxc4 25. Kxc4 Rad8 26. c6 Rxd4+ 27. Rxd4
exd4 28. Kc5 d3 29. c7 Re8 30. Kd6 f4 31. Kd7 Kf7 32. Rd1 Re7+ 33. Kd6 Re8 34.
Kd7 Re7+ 35. Kd6 Re8 36. Kd7 Re7+ 37. Kd6 Re8 38. Kd7 1/2-1/2

[Event "46. National Indian Championships"]
[Site "Mangalore IND"]
[Date "2008.12.22"]
[Round "6.2"]
[White "Rathnakaran, K."]
[Black "Deepan, Chakkravarthy J"]
[Result "1/2-1/2"]
[WhiteElo "2458"]
[BlackElo "2464"]
[PlyCount "37"]
[EventDate "2008.12.17"]
[EventType "tourn"]
[EventRounds "13"]
[EventCountry "IND"]
[EventCategory "9"]
[Source "lmi"]
[SourceDate "2008.12.17"]

1. e4 c5 2. Nf3 d6 3. d4 cxd4 4. Nxd4 Nf6 5. Nc3 a6 6. Be2 e5 7. Nb3 Be7 8. O-O
O-O 9. Be3 Be6 10. Nd5 Nbd7 11. f3 Nxd5 12. exd5 Bf5 13. c4 a5 14. Qd2 Bg6 15.
Nc1 f5 16. Nd3 b6 17. f4 Bf6 18. Rab1 Nc5 19. Nxc5 1/2-1/2

[Event "46. National Indian Championships"]
[Site "Mangalore IND"]
[Date "2008.12.22"]
[Round "6.3"]
[White "Konguvel, Ponnuswamy"]
[Black "Akshayraj, Kore"]
[Result "1/2-1/2"]
[WhiteElo "2463"]
[BlackElo "2400"]
[PlyCount "110"]
[EventDate "2008.12.17"]
[EventType "tourn"]
[EventRounds "13"]
[EventCountry "IND"]
[EventCategory "9"]
[Source "lmi"]
[SourceDate "2008.12.17"]

1. e4 c5 2. Nf3 Nc6 3. d4 cxd4 4. Nxd4 Nf6 5. Nc3 d6 6. Bg5 e6 7. Qd2 a6 8.
O-O-O Bd7 9. f3 Be7 10. h4 h6 11. Be3 h5 12. Bg5 Qc7 13. Nxc6 Bxc6 14. Kb1
O-O-O 15. Ne2 b6 16. Nd4 Bb7 17. Bd3 Kb8 18. Qe2 Qc8 19. Rd2 Rhe8 20. Rhd1 Nd7
21. Bxe7 Rxe7 22. Nb3 Nc5 23. e5 Ka7 24. exd6 Rxd6 25. Qe5 Rd5 26. Qxg7 Nxb3
27. axb3 Red7 28. Qf6 Qc7 29. f4 R7d6 30. Qg7 Rd7 31. g3 e5 32. fxe5 Rxe5 33.
Qh6 Red5 34. Qe3 Rd4 35. Bc4 Rxd2 36. Rxd2 Rxd2 37. Qxd2 Qxg3 38. Bxf7 Qxh4 39.
Qd1 Qg4 40. Bxh5 Qxd1+ 41. Bxd1 a5 42. Kc1 Kb8 43. Kd2 Kc7 44. Ke3 Kd6 45. Kd4
Bc8 46. b4 axb4 47. Kc4 b3 48. Kxb3 Kc5 49. Kc3 Be6 50. Bf3 b5 51. b4+ Kb6 52.
Kd4 Bc4 53. Be4 Be6 54. Ke5 Bh3 55. Kd6 Bg4 1/2-1/2

[Event "46. National Indian Championships"]
[Site "Mangalore IND"]
[Date "2008.12.22"]
[Round "6.5"]
[White "Thejkumar, M  S."]
[Black "Adhiban, B."]
[Result "1/2-1/2"]
[WhiteElo "2441"]
[BlackElo "2439"]
[PlyCount "81"]
[EventDate "2008.12.17"]
[EventType "tourn"]
[EventRounds "13"]
[EventCountry "IND"]
[EventCategory "9"]
[Source "lmi"]
[SourceDate "2008.12.17"]

1. d4 Nf6 2. Nf3 g6 3. c4 Bg7 4. Nc3 O-O 5. Bg5 c5 6. d5 b5 7. cxb5 a6 8. e3 h6
9. Bh4 Qa5 10. Nd2 Qb4 11. Bxf6 Bxf6 12. Qb3 d6 13. a4 axb5 14. Bxb5 Na6 15.
O-O Nc7 16. e4 Nxb5 17. Qxb4 cxb4 18. Nxb5 Bxb2 19. Ra2 Bc3 20. Nxc3 bxc3 21.
Nb1 c2 22. Rxc2 Rxa4 23. Nd2 Ba6 24. Re1 Rc8 25. Rxc8+ Bxc8 26. f3 Ba6 27. h4
Kg7 28. Kh2 Kf6 29. Kg3 Ra3 30. Nf1 Ke5 31. Ne3 h5 32. Kf2 Kf4 33. Rc1 Bd3 34.
g3+ Ke5 35. Nc4+ Bxc4 36. Rxc4 f5 37. Rc7 Kf6 38. Rb7 Rc3 39. Ra7 Rc1 40. Ke3
Rg1 41. Kf2 1/2-1/2

[Event "46. National Indian Championships"]
[Site "Mangalore IND"]
[Date "2008.12.22"]
[Round "6.6"]
[White "Satyapragyan, Swayangsu"]
[Black "Shyam, Sundar M"]
[Result "1/2-1/2"]
[WhiteElo "2417"]
[BlackElo "2402"]
[PlyCount "107"]
[EventDate "2008.12.17"]
[EventType "tourn"]
[EventRounds "13"]
[EventCountry "IND"]
[EventCategory "9"]
[Source "lmi"]
[SourceDate "2008.12.17"]

1. e4 e5 2. Nf3 Nc6 3. Bb5 a6 4. Ba4 Nf6 5. O-O Be7 6. Re1 b5 7. Bb3 d6 8. c3
O-O 9. h3 Nb8 10. d4 Nbd7 11. Nbd2 Bb7 12. Bc2 c5 13. d5 g6 14. b3 a5 15. Nf1
Nh5 16. Bh6 Ng7 17. Ne3 Kh8 18. Bd3 b4 19. Qc2 Nf6 20. a3 bxc3 21. Qxc3 Ng8 22.
Bxg7+ Kxg7 23. b4 axb4 24. axb4 cxb4 25. Qxb4 Rxa1 26. Rxa1 Bc8 27. Ra7 Kh8 28.
Nc4 f5 29. Na5 Bd7 30. exf5 gxf5 31. Bb5 Bxb5 32. Qxb5 Qb8 33. Rb7 Qa8 34. Kh2
Qe8 35. Nc6 Bf6 36. Nd2 Qh5 37. Nf1 f4 38. Qd3 Rf7 39. Rxf7 Qxf7 40. Nd2 Ne7
41. Nb4 Bg7 42. Ne4 Qg6 43. Nc6 Bf8 44. Nd8 Nf5 45. Ne6 Be7 46. g3 fxg3+ 47.
fxg3 Ng7 48. Nxg7 Kxg7 49. Qf3 h5 50. Kg2 Bf8 51. Kf2 Be7 52. Ke2 Qe8 53. Qb3
Qc8 54. h4 1/2-1/2

[Event "46. National Indian Championships"]
[Site "Mangalore IND"]
[Date "2008.12.23"]
[Round "7.1"]
[White "Adhiban, B."]
[Black "Satyapragyan, Swayangsu"]
[Result "1-0"]
[WhiteElo "2439"]
[BlackElo "2417"]
[PlyCount "125"]
[EventDate "2008.12.17"]
[EventType "tourn"]
[EventRounds "13"]
[EventCountry "IND"]
[EventCategory "9"]
[Source "lmi"]
[SourceDate "2008.12.17"]

1. d4 Nf6 2. c4 e6 3. Nf3 b6 4. g3 Ba6 5. Qc2 Bb4+ 6. Bd2 Be7 7. e4 d5 8. cxd5
Bxf1 9. Kxf1 exd5 10. e5 Ne4 11. Nc3 Nxc3 12. bxc3 Qd7 13. h4 Nc6 14. Ng5 Nd8
15. Nxh7 Ne6 16. Kg2 O-O-O 17. Ng5 Bxg5 18. hxg5 Kb8 19. Be3 g6 20. Rh6 Ng7 21.
Rah1 Rhg8 22. Rh7 Nf5 23. Bf4 Ng7 24. Qe2 Ne6 25. Be3 Nf8 26. R7h4 Ne6 27. Qf3
Qe8 28. Rh7 Rf8 29. Rb1 Rd7 30. Qf6 Qc8 31. Rbh1 c5 32. Rh8 Kb7 33. Rxf8 Qxf8
34. dxc5 bxc5 35. c4 dxc4 36. Rh8 Qe7 37. Qf3+ Kb6 38. Qe4 a6 39. Qb1+ Kc6 40.
Qe4+ Kb6 41. Qxc4 Ka7 42. Qe4 Rb7 43. Qd5 Qc7 44. g4 Kb6 45. Rh1 Qc6 46. Rb1+
Kc7 47. Qxc6+ Kxc6 48. Rxb7 Kxb7 49. f4 Kc6 50. f5 Nf8 51. Kf3 Kd5 52. Bf4 c4
53. Ke3 c3 54. Kd3 gxf5 55. gxf5 Nd7 56. Kxc3 Nxe5 57. Bxe5 Kxe5 58. g6 fxg6
59. fxg6 Kf6 60. Kb4 Kxg6 61. Ka5 Kf6 62. Kxa6 Ke6 63. Kb7 1-0